000 00493nam a2200181Ia 4500
001 3722
005 20260306145704.0
008 260306t2017||||xx |||||||||||||| ||spa||
041 _aESP
082 _a302.2
_bG71
100 _aGonzález Andrés, Germán
_eAUT
245 0 _aEl narrador de emociones:
_blo importante no es lo que uno dice, sino lo que el otro entiende
260 _c2017
300 _a159 páginas :
_c21 cm.
650 _aGEN
654 _aCED
942 _cLIB
_dJUS
_fJUS
_2ddc
_n
999 _c3722
_d3722